Представление документа в формате MARC21

Поле Инд. ПП Название Значение
Тип записи a
Библиографический уровень b
001 Контрольный номер RU/IS/BASE/185643433
005 Дата корректировки 20201230085212.3
008 Кодируемые данные 20051118
084 a Индекс другой классификации/Индекс ББК 88.414-99; 88.9
100 1_ a Автор Биктина Н. П.
245 10 a Заглавие Опыт работы по предупреждению школьной дезадаптации у детей 6-7 лет в условиях Центра психолого-медико-социального сопровождения
500 a Примечание В списке авторов: Биктина Насима Нигметуловна
520 0_ a Аннотация "Комплексное медико-психолого-педагогическое обследование позволяет своевременно выделять группы детей с ранними проявлениями школьной дезадаптации, чтобы перед поступлением в школу корректировать выявленные нарушения здоровья и предупреждать развитие школьной дезадаптации."
650 04 a Основная рубрика детская психология
a Основная рубрика возрастная психология
a Основная рубрика практическая психология (прикладная психология)
a Основная рубрика психология
653 0_ a Ключевые слова дезадаптированные дети
a Ключевые слова здоровье детей
a Ключевые слова коррекционно-реабилитационная работа
a Ключевые слова медико-педагогическая коррекция
a Ключевые слова медико-психологическая коррекция
a Ключевые слова медико-социальная коррекция
a Ключевые слова младшие школьники
a Ключевые слова педагогическая психология
a Ключевые слова психолого-педагогическая коррекция
a Ключевые слова реабилитационные центры
a Ключевые слова социализация школьников
a Ключевые слова социальная адаптация
a Ключевые слова школьная дезадаптация
773 18 t Заглавие источника Вестник психосоциальной и коррекционно-реабилитационной работы
d Дата издания источника 2005
g Прочая информация № 3. - С. 72 - 77
w Контрольный № источника RU/IS/BASE/179497494
901 t Тип документа b